000 00579nam a22001697a 4500
999 _c1664
_d1664
008 160412b xxu||||| |||| 00| 0 eng d
020 _a971-0489-17-6
082 _22008
_aDFil 657.076
_bG93p
100 _95255
_aGuerrero, Pedro P.
245 _aCPA examination:
_ba comprehensive review. Practical accounting 2/
_cPedro P. Guerrero.
250 _a2008 Edition.
260 _aManila :
_bGIC Enterprises & Co.,
_cc2008.
300 _a626 pages;
_c23 cm.
650 0 _95256
_aAccounting
_xExaminations.
650 0 _95257
_aAccounting
_xProblems, exercises, etc.
942 _2ddc
_cDFIL